Nâng cao hiệu quả cuộc đấu tranh chống "diễn biến hòa bình" /

Spremljeno u:
Bibliografski detalji
Glavni autor: Trương Tấn Sang.
Format: Članak
Jezik:Vietnamese
Teme:
Oznake: Dodaj oznaku
Bez oznaka, Budi prvi tko označuje ovaj zapis!
Thư viện lưu trữ: Thư viện Trường Đại học Đà Lạt
LEADER 00805nam a2200265 4500
001 DLU120133480
005 ##20120411
040 # # |a DLU  |b vie 
041 # # |a vie 
044 # # |a vn 
100 # # |a Trương Tấn Sang. 
245 # # |a Nâng cao hiệu quả cuộc đấu tranh chống "diễn biến hòa bình" /  |c Trương Tấn Sang. 
653 # # |a Độc lập dân tộc 
653 # # |a Bảo vệ hòa bình 
653 # # |a Chính sách đối ngoại 
773 # # |t Tạp chí Cộng sản  |g Số 10(816), 2010, tr. 3-10 
920 # # |a Phòng Tạp chí -- Trung tâm Thông tin - Thư viện Trường Đại học Đà Lạt 
994 # # |a DLU 
900 # # |a True 
911 # # |a Nguyễn Thị Linh Chi 
925 # # |a G 
926 # # |a A 
927 # # |a BB 
980 # # |a Thư viện Trường Đại học Đà Lạt